[Event "Sant Adria de Besos op-A 5th"]
[Site "Sant Adria de Besos"]
[Date "2023.08.14"]
[Round "5"]
[White "Escribano Rodriguez, Pedro"]
[Black "Aishwin, Daniel"]
[Result "0-1"]
[WhiteElo "1764"]
[BlackElo "2100"]
[PlyCount "118"]
[EventDate "2023.08.11"]
[EventType "swiss"]
[EventRounds "9"]
[EventCountry "ESP"]
[SourceTitle "EXT 2024"]
[Source "ChessBase"]
[SourceDate "2023.10.10"]
[SourceVersion "1"]
[SourceVersionDate "2023.10.10"]
[SourceQuality "1"]

1. e4 e6 2. Qe2 c5 3. g3 Nc6 4. Bg2 g6 5. Nf3 Bg7 6. c3 Nge7 7. 0-0 d5 8. d3 0-0 9. Re1 dxe4 10. dxe4 b6 11. Bf4 e5 12. Bg5 h6 13. Bc1 a5 14. Rd1 Qc7 15. Na3 a4 16. Nb5 Qb8 17. Bf1 Be6 18. Rd6 Na7 19. Rxe6 fxe6 20. Nxa7 Rxa7 21. Bh3 Qd6 22. Be3 a3 23. b3 Qc6 24. Nd2 Kh7 25. Qc4 Rf6 26. Re1 Nc8 27. Qe2 Nd6 28. f3 Rd7 29. Nb1 c4 30. b4 Nb5 31. Bf1 Rc7 32. Rc1 Rf8 33. Nd2 Nd6 34. Nb1 Ra8 35. Rd1 h5 36. Qd2 Nf7 37. Qc1 Bh6 38. Bxh6 Nxh6 39. Rd2 h4 40. Qd1 Nf7 41. Kf2 Raa7 42. Be2 Kg7 43. Qc1 Rc8 44. Qd1 b5 45. Kg2 hxg3 46. hxg3 Rh8 47. Qg1 Qe8 48. Qe3 Ra8 49. f4 Rh6 50. Bg4 Qe7 51. Kf3 Rh1 52. Qb6 Rxb1 53. Bxe6 Qa7 54. Qc6 Rf1+ 55. Kg4 Nh6+ 56. Kh3 Rh1+ 57. Rh2 Rxh2+ 58. Kxh2 Qf2+ 59. Kh3 Rh8 0-1

[Event "Raipur Chhattisgarh"]
[Site "Raipur"]
[Date "2022.09.26"]
[Round "8"]
[White "Aishwin, Daniel"]
[Black "Liyanage, Ranindu Dilshan"]
[Result "0-1"]
[WhiteElo "2085"]
[BlackElo "2306"]
[PlyCount "72"]
[EventDate "2022.09.19"]
[EventType "swiss"]
[EventRounds "10"]
[EventCountry "IND"]
[SourceTitle "CBM 210 Extra"]
[Source "ChessBase"]
[SourceDate "2022.11.30"]
[SourceVersion "1"]
[SourceVersionDate "2022.11.30"]
[SourceQuality "1"]

1. e4 e6 2. d4 d5 3. Nc3 Nf6 4. e5 Nfd7 5. f4 c5 6. Nf3 Nc6 7. Be3 Be7 8. Qd2 a6 9. dxc5 Nxc5 10. Bd3 b5 11. Qf2 Nxd3+ 12. cxd3 Bb7 13. 0-0 Rc8 14. a3 0-0 15. Ne2 d4 16. Nexd4 Nxd4 17. Nxd4 Qd5 18. Qf3 Qd7 19. Qe2 Rfd8 20. Rad1 Qd5 21. Rf2 a5 22. Nc2 b4 23. Bb6 Rd7 24. d4 Bh4 25. Rff1 Qc6 26. Bc5 Ba6 27. Qg4 Bxf1 28. Rxf1 Be7 29. axb4 Qe4 30. Ne1 axb4 31. Bxe7 Qxd4+ 32. Kh1 Rxe7 33. Nf3 Qxb2 34. f5 exf5 35. Qxf5 Qc2 36. Qg4 Qc4 0-1

[Event "Raipur Chhattisgarh"]
[Site "Raipur"]
[Date "2022.09.25"]
[Round "7"]
[White "Aishwin, Daniel"]
[Black "Ayush, Sharma"]
[Result "0-1"]
[WhiteElo "2085"]
[BlackElo "2200"]
[PlyCount "66"]
[EventDate "2022.09.19"]
[EventType "swiss"]
[EventRounds "10"]
[EventCountry "IND"]
[SourceTitle "CBM 210 Extra"]
[Source "ChessBase"]
[SourceDate "2022.11.30"]
[SourceVersion "1"]
[SourceVersionDate "2022.11.30"]
[SourceQuality "1"]

1. e4 c5 2. Nf3 Nc6 3. d4 cxd4 4. Nxd4 Nf6 5. Nc3 e5 6. Ndb5 d6 7. Nd5 Nxd5 8. exd5 Nb8 9. c4 Nd7 10. Bd3 Be7 11. 0-0 0-0 12. Qc2 g6 13. Bh6 Re8 14. f4 a6 15. Nc3 f5 16. fxe5 Nxe5 17. Kh1 Bd7 18. a4 Rc8 19. b3 b5 20. axb5 axb5 21. Ne2 Bf6 22. Rac1 bxc4 23. bxc4 Bb5 24. Qb3 Ba4 25. Qxa4 Nxd3 26. Rc2 Qb6 27. Ng1 Bd4 28. c5 Bxc5 29. Nh3 Ra8 30. Qh4 Re4 31. Qg3 Qb5 32. Rd1 Rae8 33. Rxc5 Qxc5 0-1

[Event "BAN-chT 1st League"]
[Site "Dhaka"]
[Date "2022.03.10"]
[Round "1.3"]
[White "Sahu, Sekhar Chandra"]
[Black "Aishwin, Daniel"]
[Result "1/2-1/2"]
[WhiteElo "2049"]
[BlackElo "1972"]
[PlyCount "56"]
[EventDate "2022.03.10"]
[EventType "team-tourn"]
[EventRounds "11"]
[EventCountry "BAN"]
[SourceTitle "EXT 2023"]
[Source "ChessBase"]
[SourceDate "2022.10.05"]
[SourceVersion "1"]
[SourceVersionDate "2022.10.05"]
[SourceQuality "1"]
[WhiteTeam "Sangbadik Shahnoor Khan"]
[BlackTeam "Khelaghor Daba Sangah"]
[WhiteTeamCountry "BAN"]
[BlackTeamCountry "BAN"]

1. e4 e5 2. Nf3 Nc6 3. Bb5 a6 4. Ba4 Nf6 5. 0-0 Be7 6. Re1 b5 7. Bb3 0-0 8. c3 d5 9. exd5 Nxd5 10. Nxe5 Nxe5 11. Rxe5 c6 12. g3 Bd6 13. Re1 Re8 14. Rxe8+ Qxe8 15. Na3 Bh3 16. d3 Bxa3 17. bxa3 Nxc3 18. Qd2 Ne2+ 19. Kh1 Nd4 20. Bb2 Nxb3 21. axb3 Qd7 22. f3 Qd5 23. Qe3 Qxb3 24. Bxg7 Kxg7 25. Qg5+ Kh8 26. Qf6+ Kg8 27. Qg5+ Kh8 28. Qf6+ Kg8 1/2-1/2

[Event "Bhopal Masters"]
[Site "Bhopal"]
[Date "2021.11.25"]
[Round "7"]
[White "Choubey, Saurabh"]
[Black "Aishwin, Daniel"]
[Result "1/2-1/2"]
[WhiteElo "1953"]
[BlackElo "1937"]
[PlyCount "122"]
[EventDate "2021.11.22"]
[EventType "tourn"]
[EventRounds "7"]
[EventCountry "IND"]
[SourceTitle "CBM 205 Extra"]
[Source "ChessBase"]
[SourceDate "2022.01.31"]
[SourceVersion "1"]
[SourceVersionDate "2022.01.31"]
[SourceQuality "1"]

1. c4 f5 2. g3 Nf6 3. Bg2 d6 4. d4 e6 5. Nc3 Be7 6. e4 fxe4 7. Nxe4 d5 8. Nc3 dxc4 9. Qa4+ Bd7 10. Qxc4 Bc6 11. Nf3 Bd5 12. Qe2 Nc6 13. Be3 0-0 14. 0-0 Qe8 15. Ne5 Bxg2 16. Kxg2 Nxe5 17. dxe5 Qc6+ 18. Kg1 Nd5 19. Nxd5 Qxd5 20. f4 Bc5 21. Rfc1 Bxe3+ 22. Qxe3 Rf7 23. Rd1 Qb5 24. Rd2 Raf8 25. a4 Qb6 26. Qxb6 axb6 27. Rc1 Ra8 28. b3 Re7 29. Rcd1 Kf7 30. Rd8 Rxd8 31. Rxd8 c6 32. Kf2 Rc7 33. Ke3 Ke7 34. Rh8 h6 35. h4 b5 36. a5 c5 37. Rb8 c4 38. bxc4 bxc4 39. Kd2 c3+ 40. Kc2 h5 41. Rh8 Rc5 42. Rxh5 Rxa5 43. Rg5 Kf7 44. Kxc3 Rd5 45. Kc4 Rd1 46. f5 exf5 47. Rxf5+ Ke6 48. Rg5 Rd7 49. Kc5 Rf7 50. Kc4 Rc7+ 51. Kd4 b5 52. g4 Rc4+ 53. Kd3 Rc7 54. h5 b4 55. Kd4 Rb7 56. Rg6+ Kf7 57. e6+ Kf8 58. h6 gxh6 59. Rxh6 b3 60. e7+ Rxe7 61. Rh8+ Kg7 1/2-1/2

[Event "Bhopal Masters"]
[Site "Bhopal"]
[Date "2021.11.22"]
[Round "1"]
[White "Aishwin, Daniel"]
[Black "Sharma, Dinesh Kumar"]
[Result "0-1"]
[WhiteElo "1937"]
[BlackElo "2288"]
[PlyCount "104"]
[EventDate "2021.11.22"]
[EventType "tourn"]
[EventRounds "7"]
[EventCountry "IND"]
[SourceTitle "CBM 205 Extra"]
[Source "ChessBase"]
[SourceDate "2022.01.31"]
[SourceVersion "1"]
[SourceVersionDate "2022.01.31"]
[SourceQuality "1"]

1. e4 c5 2. Nf3 e6 3. d4 cxd4 4. Nxd4 Nc6 5. Nxc6 bxc6 6. c4 Nf6 7. Nc3 e5 8. Bd3 Bc5 9. Bg5 h6 10. Bh4 d6 11. Qc2 Rb8 12. a3 a5 13. Rb1 Be6 14. f3 Ke7 15. Bf2 Bxf2+ 16. Qxf2 Qb6 17. b4 axb4 18. axb4 Qd4 19. Qxd4 exd4 20. Ne2 c5 21. Kd2 Nd7 22. f4 f6 23. Rhc1 Rhc8 24. Rb3 Rb7 25. Rcb1 Ra7 26. Nc1 g5 27. bxc5 dxc5 28. Rb7 Rc7 29. Rxc7 Rxc7 30. g3 Ra7 31. h4 Ra4 32. hxg5 hxg5 33. Rb7 gxf4 34. gxf4 Kd6 35. Bc2 Ra3 36. Bd3 Kc6 37. Rb5 Ra4 38. Rb1 Bxc4 39. Bxc4 Rxc4 40. Nd3 Ra4 41. Ne1 Ra3 42. Nc2 Rf3 43. f5 Rf2+ 44. Kd1 Rf4 45. Kd2 Rxe4 46. Rf1 Rh4 47. Rf2 Ne5 48. Ne1 c4 49. Nc2 Kc5 50. Na3 Rh3 51. Nc2 c3+ 52. Ke1 d3 0-1

[Event "Barcelona Sant Marti op-A 19th"]
[Site "Barcelona"]
[Date "2017.07.20"]
[Round "8"]
[White "Ryan, Joseph"]
[Black "Aishwin, Daniel"]
[Result "1-0"]
[WhiteElo "2284"]
[BlackElo "2031"]
[PlyCount "67"]
[EventDate "2017.07.13"]
[EventType "swiss"]
[EventRounds "9"]
[EventCountry "ESP"]
[SourceTitle "EXT 2018"]
[Source "ChessBase"]
[SourceDate "2017.10.13"]
[SourceVersion "1"]
[SourceVersionDate "2017.10.13"]
[SourceQuality "1"]

1. d4 d5 2. Bf4 Nf6 3. e3 c5 4. Nc3 a6 5. dxc5 Nc6 6. Nf3 e6 7. Na4 Nd7 8. Bd6 Bxd6 9. cxd6 Nf6 10. c4 Qxd6 11. a3 0-0 12. cxd5 exd5 13. Nb6 Rb8 14. Nxc8 Rbxc8 15. Be2 Rfd8 16. Nd4 Qe5 17. 0-0 Nxd4 18. exd4 Qc7 19. Bd3 Qb6 20. b4 Kf8 21. Be2 Ne4 22. Re1 Nc3 23. Qd3 Nxe2+ 24. Rxe2 Qg6 25. Qd2 h6 26. h3 Rc7 27. Rae1 Qf6 28. Re5 Rc4 29. Qe3 Kg8 30. Rd1 Rc7 31. Rc1 Rxc1+ 32. Qxc1 Qd6 33. Qc5 Kf8 34. Rxd5 1-0

[Event "Barcelona Sant Marti op-A 19th"]
[Site "Barcelona"]
[Date "2017.07.15"]
[Round "3"]
[White "Aishwin, Daniel"]
[Black "Vergara Jofre, Felipe Andres"]
[Result "1/2-1/2"]
[WhiteElo "2031"]
[BlackElo "2234"]
[PlyCount "91"]
[EventDate "2017.07.13"]
[EventType "swiss"]
[EventRounds "9"]
[EventCountry "ESP"]
[SourceTitle "EXT 2018"]
[Source "ChessBase"]
[SourceDate "2017.10.13"]
[SourceVersion "1"]
[SourceVersionDate "2017.10.13"]
[SourceQuality "1"]

1. e4 c5 2. Nf3 Nc6 3. d4 cxd4 4. Nxd4 Nf6 5. Nc3 e5 6. Ndb5 d6 7. Bg5 a6 8. Na3 b5 9. Nd5 Qa5+ 10. Bd2 Qd8 11. Bg5 Be7 12. Bxf6 Bxf6 13. c4 b4 14. Nc2 0-0 15. Be2 Bg5 16. 0-0 a5 17. Qd3 Be6 18. Rad1 Bxd5 19. cxd5 Nb8 20. a3 bxa3 21. Nxa3 Nd7 22. Ra1 g6 23. Bg4 Nc5 24. Qc2 Rb8 25. Nc4 Nb3 26. Ra3 Nd4 27. Qd3 f5 28. exf5 gxf5 29. Bh3 Qf6 30. Rd1 Rfc8 31. b3 Rb5 32. Ne3 Rc3 33. Qf1 Rbxb3 34. Rxb3 Rxb3 35. Qa6 Bxe3 36. fxe3 Rxe3 37. Rb1 Kg7 38. Qxa5 Qg6 39. Kh1 f4 40. Rd1 Kh6 41. Qd8 Kg7 42. Qe7+ Kh6 43. Qh4+ Kg7 44. Qe7+ Kh6 45. Qh4+ Kg7 46. Qe7+ 1/2-1/2

[Event "Barbera del Valles op 40th"]
[Site "Barbera del Valles"]
[Date "2017.07.12"]
[Round "9"]
[White "Aishwin, Daniel"]
[Black "Vergara Jofre, Felipe Andres"]
[Result "1/2-1/2"]
[WhiteElo "2031"]
[BlackElo "2234"]
[PlyCount "45"]
[EventDate "2017.07.04"]
[EventType "swiss"]
[EventRounds "9"]
[EventCountry "ESP"]
[SourceTitle "EXT 2018"]
[Source "ChessBase"]
[SourceDate "2017.10.13"]
[SourceVersion "1"]
[SourceVersionDate "2017.10.13"]
[SourceQuality "1"]

1. e4 c5 2. Nf3 d6 3. d4 cxd4 4. Nxd4 Nf6 5. Nc3 a6 6. Bg5 Nbd7 7. Bc4 h6 8. Bxf6 Nxf6 9. Qe2 b5 10. Bb3 Qc7 11. 0-0 g6 12. Nd5 Nxd5 13. Bxd5 Rb8 14. Qf3 e6 15. Qf6 Rg8 16. Bc6+ Bd7 17. Bxd7+ Qxd7 18. Qf3 Be7 19. Qd3 Kf8 20. f4 Kg7 21. f5 Bf6 22. Kh1 Rbc8 23. c3 1/2-1/2

[Event "Barbera del Valles op 40th"]
[Site "Barbera del Valles"]
[Date "2017.07.07"]
[Round "4"]
[White "Sanchez Jerez, Emilio Miguel"]
[Black "Aishwin, Daniel"]
[Result "1/2-1/2"]
[WhiteElo "2216"]
[BlackElo "2031"]
[PlyCount "72"]
[EventDate "2017.07.04"]
[EventType "swiss"]
[EventRounds "9"]
[EventCountry "ESP"]
[SourceTitle "EXT 2018"]
[Source "ChessBase"]
[SourceDate "2017.10.13"]
[SourceVersion "1"]
[SourceVersionDate "2017.10.13"]
[SourceQuality "1"]

1. d4 d5 2. Bf4 Nf6 3. e3 c5 4. dxc5 Nc6 5. Bb5 Bd7 6. Nc3 e6 7. Bxc6 Bxc6 8. Qd4 Nd7 9. b4 f6 10. Bd6 Bxd6 11. cxd6 b6 12. Qg4 Kf7 13. Nf3 Nf8 14. b5 Bb7 15. Qb4 Nd7 16. e4 Nc5 17. e5 Re8 18. 0-0 fxe5 19. Nxe5+ Kg8 20. f4 Qxd6 21. Ne2 a5 22. Qa3 Rac8 23. Nd4 Ne4 24. Qxd6 Nxd6 25. a4 Nf5 26. Ndc6 Bxc6 27. Nxc6 Ne7 28. Nd4 Nf5 29. Nc6 Ne7 30. Ne5 Rxc2 31. Nd7 Rc7 32. Ne5 Ng6 33. Nc6 Ne7 34. Ne5 Ng6 35. Nc6 Ne7 36. Ne5 Ng6 1/2-1/2

[Event "IND-chT 37th"]
[Site "Bhopal"]
[Date "2017.02.05"]
[Round "5.2"]
[White "Ram, S Krishnan"]
[Black "Aishwin, Daniel"]
[Result "1-0"]
[WhiteElo "2209"]
[BlackElo "1999"]
[PlyCount "147"]
[EventDate "2017.02.02"]
[EventType "team-swiss"]
[EventRounds "9"]
[EventCountry "IND"]
[SourceTitle "CBM 176 Extra"]
[Source "ChessBase"]
[SourceDate "2017.03.02"]
[SourceVersion "1"]
[SourceVersionDate "2017.03.02"]
[SourceQuality "1"]
[WhiteTeam "Bharat Sanchar Nigam"]
[BlackTeam "MP TEAM II"]
[WhiteTeamCountry "IND"]
[BlackTeamCountry "IND"]

1. Nf3 d5 2. g3 Nf6 3. Bg2 Bg4 4. 0-0 c6 5. h3 Bh5 6. d3 Nbd7 7. Nbd2 e5 8. e4 dxe4 9. dxe4 Bc5 10. Qe1 Bxf3 11. Nxf3 0-0 12. b4 Bb6 13. Bb2 Re8 14. Qe2 a5 15. a3 axb4 16. axb4 Qe7 17. Qc4 Bc7 18. Nh4 Nb6 19. Qb3 Rxa1 20. Rxa1 Ra8 21. Rxa8+ Nxa8 22. Nf5 Qd8 23. c4 g6 24. Ne3 Nb6 25. c5 Nbd7 26. Qa4 Qe8 27. Qa7 Qb8 28. Qxb8+ Bxb8 29. Nc4 Bc7 30. h4 Kf8 31. Bh3 Ke7 32. f3 Nh5 33. Bxd7 Kxd7 34. g4 Nf4 35. Nxe5+ Ke6 36. Nc4 f5 37. exf5+ gxf5 38. g5 Kf7 39. Kf1 Ng6 40. h5 Nf4 41. g6+ Kg8 42. Nd6 hxg6 43. hxg6 Nxg6 44. Nxb7 Kf7 45. Na5 Ne7 46. Bc1 f4 47. Ke2 Ke6 48. Kd3 Kd5 49. Nc4 Nf5 50. Nb6+ Ke6 51. Na4 Ne7 52. Bd2 Kf5 53. Nc3 Ng6 54. Ne4 Ne5+ 55. Ke2 Nc4 56. Bc3 Ne3 57. Kd3 Nd5 58. Bd2 Nf6 59. Nf2 Nd5 60. Nd1 Be5 61. Kc4 Ke6 62. Nf2 Ne3+ 63. Kd3 Nd5 64. Ng4 Bc7 65. Kc4 Ne7 66. b5 cxb5+ 67. Kxb5 Kd5 68. Nf6+ Kd4 69. Nh5 Ng6 70. c6 Kd3 71. Ba5 Ke3 72. Bxc7 Ne7 73. Bb6+ Kxf3 74. c7 1-0

[Event "IND-chT 37th"]
[Site "Bhopal"]
[Date "2017.02.04"]
[Round "4.2"]
[White "Aishwin, Daniel"]
[Black "Dave, Sneh"]
[Result "1-0"]
[WhiteElo "1999"]
[BlackElo "1797"]
[PlyCount "120"]
[EventDate "2017.02.02"]
[EventType "team-swiss"]
[EventRounds "9"]
[EventCountry "IND"]
[SourceTitle "CBM 176 Extra"]
[Source "ChessBase"]
[SourceDate "2017.03.02"]
[SourceVersion "1"]
[SourceVersionDate "2017.03.02"]
[SourceQuality "1"]
[WhiteTeam "MP TEAM II"]
[BlackTeam "Gujarat"]
[WhiteTeamCountry "IND"]
[BlackTeamCountry "IND"]

1. e4 e5 2. Nf3 Nc6 3. Bc4 Bc5 4. c3 Nf6 5. d3 0-0 6. Bg5 h6 7. Bh4 d6 8. Nbd2 a6 9. Bb3 Be6 10. 0-0 Bb6 11. Re1 g5 12. Nxg5 hxg5 13. Bxg5 Kg7 14. Qf3 Kg6 15. h4 Rh8 16. Nf1 Rh5 17. Ng3 Bg4 18. Bxf6 Qd7 19. Re3 Rg8 20. Nxh5 Bxf3 21. Rxf3 Kxh5 22. Bg5 Rxg5 23. hxg5 Nd8 24. Kh2 Ne6 25. Rh1 Kxg5 26. Rf5+ Kg6 27. Kg1 Ng5 28. Rh8 Kg7 29. Rh4 f6 30. g3 c6 31. c4 Bd4 32. Kg2 Bxb2 33. f4 exf4 34. gxf4 Bc1 35. fxg5 Bxg5 36. Rh3 Qc7 37. Rhf3 b5 38. c5 a5 39. cxd6 Qxd6 40. e5 Qd4 41. exf6+ Bxf6 42. Rxf6 Qb2+ 43. Rf2 Qxf6 44. Rxf6 Kxf6 45. Kf3 Ke5 46. Ke3 Kd6 47. Kd4 c5+ 48. Ke4 c4 49. dxc4 a4 50. Bd1 Kc5 51. cxb5 Kxb5 52. Bh5 Kc4 53. Bf7+ Kc3 54. Kd5 Kb4 55. Kd4 Ka3 56. Kc5 Kb2 57. Kb4 a3 58. Ka4 Kc3 59. Kxa3 Kd4 60. Kb4 Ke5 1-0